| 000 | 00399cam a2200181 4500 | ||
|---|---|---|---|
| 001 | D12986 | ||
| 008 | 090401t1895 xxu||||| |||| 00| 0 eng d | ||
| 035 | _a(Sirsi) u7023 | ||
| 041 | _aeng | ||
| 100 | _aHolloway, Thomas | ||
| 245 | 4 | _aThe practical surveyor | |
| 250 | _a2nd | ||
| 260 |
_aLondon _bHorace Cox _c1895 |
||
| 350 | _a0 | ||
| 520 | _aShelf 182 | ||
| 942 | _n0 | ||
| 948 | _c04/03/1997 | ||
| 999 |
_c86381 _d86381 |
||